Montréal-Trudeau International Airport (Montreal, Canada) - Statistics

General Stats
  • This quiz has been taken 194 times
    40 since last reset
  • The average score is 108 of 185
Answer Stats
Airline Destination % Correct
Air Canada/Air France/Air Transat Paris (Charles de Gualle)
100%
French Bee Paris (Orly)
100%
Air Canada/Air Canada Express Boston
96%
Air Canada/Porter Airlines Los Angeles
96%
Air Canada Express/Porter Airlines Toronto (Billy Bishop)
96%
Air Canada/Air Canada Express/Air Transat/Porter Airlines/WestJet Toronto (Pearson)
96%
Air Canada/Air Transat/Flair Airlines/Porter Airlines/WestJet Vancouver
96%
Air Canada/KLM Amsterdam
93%
Air Canada Express/Delta Air Lines Atlanta
93%
Air Canada/Porter Airlines/WestJet Calgary
93%
Air Canada/Royal Air Maroc Casablanca
93%
Air Canada/Air Canada Express/American Eagle/United Airlines/United Express Chicago (O'Hare)
93%
Air Canada Dublin
93%
Turkish Airlines Istanbul
93%
Air Transat London (Gatwick)
93%
Air Canada/British Airways London (Heathrow)
93%
Air Canada/Air Transat Madrid
93%
Aeroméxico/Air Canada Mexico City
93%
Lufthansa Munich
93%
Air Canada Express New York (JFK)
93%
Air Canada/Air Canada Express/American Eagle/Delta Connection New York (LaGuardia)
93%
Air Canada/Avianca Bogotá
89%
Air Canada/Air Canada Express/American Airlines Dallas/Fort Worth
89%
Air Canada/Porter Airlines/WestJet Edmonton
89%
Air Canada/Air Transat Rome (Fiumicino)
89%
Air Canada/Porter Airlines/United Airlines San Francisco
89%
Austrian Airlines Vienna
89%
Air Canada Express/United Express Washington (Dulles)
89%
Air Canada Express Washington (National)
89%
Swiss International Air Lines Zürich
89%
Air Canada/Air Transat Barcelona
86%
Air Canada/Air Transat Brussels
86%
Air Canada/Air Canada Rouge/Air Transat/WestJet Cancún
86%
American Airlines/American Eagle Charlotte
86%
Air Canada Express/Delta Connection Detroit
86%
Qatar Airlines Doha
86%
Emirates Dubai (International)
86%
Air Canada/Lufthansa Frankfurt
86%
Air Canada/Air Canada Rouge/Porter Airlines Las Vegas
86%
Air Canada/Air Transat/TAP Air Portugal Lisbon
86%
Air Transat Marseille
86%
Air Canada Rouge/American Airlines Miami
86%
Air Canada Milan (Malpensa)
86%
Air Canada/Air Canada Express/Delta Connection Minneapolis/St. Paul
86%
Air Canada/Air Canada Express/American Eagle Philadelphia
86%
Air Canada/Air Transat San José (CR)
86%
Air Canada San José del Cabo
86%
Air Canada Seattle/Tacoma
86%
Air Canada Rouge Tampa
86%
Tunisair Tunis
86%
Air Algérie/Air Canada Algiers
82%
Air Canada Berlin
82%
Air Canada Edinburgh
82%
Air Canada/Air Canada Rouge/Porter Airlines Halifax
82%
Air Canada/Air Transat Lima
82%
Air Canada Express/Porter Airlines/United Express Newark
82%
Air Canada/Air Canada Express/Air Transat/Propair Ottawa
82%
Air Canada/Air Canada Rouge Phoenix (Sky Harbor)
82%
Air Canada/Air Transat Porto
82%
Air Canada Rouge/Air Inuit/Air Transat/PAL Airlines/Propair Québec City
82%
Air Transat Rio de Janeiro (Galeão)
82%
Air Canada Santiago de Chile
82%
Air Canada Tokyo (Narita)
82%
Air Canada/Air Canada Express/WestJet Winnipeg
82%
Air Canada Austin
79%
Air Canada Denver
79%
Air Canada Houston (Intercontinental)
79%
Air Canada/Air Transat Lyon
79%
Air Canada Rouge/Air Transat Orlando
79%
Air Canada São Paulo (Guarulhos)
79%
Air Canada/Air Transat Toulouse
79%
Air Canada/Air Transat Athens
75%
Air Transat Bordeaux
75%
Air Canada Express Cleveland
75%
Air Canada Geneva
75%
Air Canada/Porter Airlines Nassau
75%
Air Canada/Air Transat Nice
75%
Copa Airlines Panama City (Tocumen)
75%
Air Canada Express Regina
75%
Air Canada Express/Air Canada Rouge Saint John (NB)
75%
Air Canada San Diego
75%
Air Transat Málaga
71%
Air Canada Express New Orleans
71%
Air Canada Express Pittsburgh
71%
Air Canada/Air Transat Venice
71%
Air Canada Express Cincinnati
68%
Air Canada Express Columbus (Glenn)
68%
Air Canada/Air Canada Rouge/Air Transat/Porter Airlines Fort Lauderdale
68%
Air Canada Express/Air Canada Rouge Moncton
68%
Air Canada Express Nashville
68%
Air Canada/Air Canada Rouge/Air Transat/Arajet Punta Cana
68%
Air Canada/Air Transat Reykjavík
68%
Air Saint-Pierre Saint-Pierre
68%
Air Transat/Avianca El Salvador San Salvador
68%
Air Canada Rouge San Salvador (Bahamas)
68%
Air Canada Express Saskatoon
68%
Air Canada/Air Canada Rouge Victoria
68%
Royal Jordanian Amman (Queen Alia)
64%
BermudAir Bermuda
64%
Air Canada Copenhagen
64%
Air Transat Guadalajara
64%
Air Canada Guatemala City
64%
Air Canada Naples
64%
Air Canada Express Raleigh/Durham
64%
Air Canada Seoul (Incheon)
64%
Air Canada/Air Canada Express St. Louis
64%
Porter Airlines Fort Myers
61%
Air Transat Marrakesh
61%
Air Canada Rouge Belize City
57%
Air Canada Express/Air Canada Rouge Fredericton
57%
Air Canada Rouge/Air Transat San Juan
57%
Air Transat Valencia
57%
Air Canada/Air Transat/WestJet Montego Bay
54%
Air Canada/Air Transat Nantes
54%
Air Canada Palma de Mallorca
54%
Air Transat Port-au-Prince
54%
Air Canada/Air Transat Puerto Vallarta
54%
Air Canada Tel Aviv
54%
Air Canada Rouge/Air Transat/WestJet Varadero
54%
Air Canada/Air Transat Cartagena
50%
Air Canada Kelowna
50%
Air Transat Medellín (JMC)
50%
Azores Airlines Ponta Delgada
50%
Air Canada Barbados
46%
Air Canada Express/Air Canada Rouge Charlottetown
46%
Air Transat Dakar (Diass)
46%
Air Canada/Air Transat/WestJet Liberia (CR)
46%
Air Canada Rouge St. John's (NL)
46%
Air Canada/Air Canada Rouge/Air Transat/WestJet Tulum
46%
Air Transat Basel/Mulhouse
43%
Air Canada/Air Canada Rouge/Air Transat Cozumel
43%
Air Canada Delhi
43%
Air Canada Express Sydney (NS)
43%
Air Canada/Air Transat/WestJet Puerto Plata
39%
Air Canada/Air Transat/WestJet St. Maarten
39%
Air Canada/Air Canada Rouge Curaçao
36%
Air Canada Rouge/Air Transat/WestJet Holguín
36%
Air Canada West Palm Beach
36%
Air Transat Acapulco
32%
Air Canada Catania
32%
Air Canada/Air Transat Fort-de-France
32%
Air Canada Express Gander
32%
Air Canada Ixtapa/Zihuatanejo
32%
Air Canada Providenciales
32%
WestJet Roatán
32%
Air Canada Express/Air Inuit/PAL Airlines Sept-Îles
32%
Air Canada Rouge/Air Transat/WestJet Cayo Coco
29%
Air Canada/Air Transat La Romana
29%
Air Transat Agadir
25%
Air Canada Express Deer Lake
25%
WestJet Managua
25%
Air Canada/Air France/Air Transat Pointe-à-Pitre
25%
Propair Sudbury
25%
WestJet Freeport
21%
PAL Airlines Gaspé
21%
Air Transat/WestJet Santa Clara
21%
PAL Airlines Baie-Comeau
14%
WestJet Cayo Largo del Sur
14%
Air Creebec/PAL Airlines Val-d'Or
14%
Air Canada Express/PAL Airlines Îles-de-la-Madeleine
11%
Air Inuit Kuujjuaq
11%
Air Canada Express Bagotville
7%
Air Inuit Puvirnituq
7%
Air Canada Express/Propair Rouyn-Noranda
7%
Air Canada/Air Canada Rouge/Air Transat/WestJet Samaná
7%
Air Inuit Schefferville
7%
PAL Airlines Wabush
7%
Air Inuit Akulivik
4%
WestJet Cienfuegos
4%
Air Creebec Eastmain
4%
Air Inuit Inukjuak
4%
Air Inuit Ivujivik
4%
Air Inuit Salluit
4%
Air Inuit Sanikiluaq
4%
Air Creebec Waskaganish
4%
Air Creebec Wemindji
4%
Air Creebec Chibougamau
0%
Air Creebec Chisasibi
0%
Propair Gatineau
0%
Air Creebec/Air Inuit Kuujjuarapik
0%
Air Inuit La Grande
0%
Air Creebec Nemaska
0%
WestJet Río Hato
0%
WestJet San Andrés Island
0%
Air Inuit Umiujaq
0%
No matching quizzes found
Score Distribution
Percent of People with Each Score
Percentile by Number Answered
Your Score History
You have not taken this quiz since the last reset